Statistics for Word Ladder - From Parish To County

Click here to take the quiz!

General Stats

  • This quiz has been taken 27 times
  • The average score is 10 of 22

Answer Stats

HintAnswer% Correct
An area of LouisianaParish
100%
A hairdresser for menBarber
76%
An area of New YorkCounty
76%
Positioned a carParked
71%
Shouted aggressivelyBarked
67%
Determines the number ofCounts
62%
Gets on a horseMounts
62%
A type of security wireBarbed
57%
To haggleBarter
57%
A outcastPariah
57%
Devices for moving cursorsMouses
48%
Something that forms on teethTartar
43%
More acidic in tasteTarter
43%
Came to an endPassed
29%
Overtakes on the motorwayPasses
29%
Religious celebrationsMasses
24%
Algae and lichensMosses
24%
Reduces to powderMousts
24%
Analysed syntactic componentsParsed
24%
Scottish word for crabPartan
24%
A type of marbleParian
19%
A single-masted shipTartan
14%

Score Distribution

Percentile by Number Answered

Percent of People with Each Score

Your Score History

You have not taken this quiz